000 00557nam a2200157Ia 4500
008 100122s9999 xx 000 0 und d
082 _b74154
_a618
100 _aतांबे श्री बालाजी
245 _aआयुर्वेदीय गर्भसंस्कार
250 _a5
260 _bसकाळ पेपर्स
_c2007
300 _a212
630 _aआयुर्वेदीय गर्भसंस्कार
730 _aआयुर्वेदीय गर्भसंस्कार
942 _cBOOK
999 _c390138
_d390135